Vegertabe farmers' practice in crop protection a case study in kien svay district kandal province របៀបការពារ និងកំចាត់សត្វល្អិតលើដំណាំបន្លែនៅស្រុកកៀនស្វាយ ខេត្តកណ្តាល (Record no. 339)
[ view plain ]
| 000 -LEADER | |
|---|---|
| fixed length control field | 00655nam a22001577a 4500 |
| 003 - CONTROL NUMBER IDENTIFIER | |
| control field | OSt |
| 005 - DATE AND TIME OF LATEST TRANSACTION | |
| control field | 20150913083855.0 |
| 008 - FIXED-LENGTH DATA ELEMENTS--GENERAL INFORMATION | |
| fixed length control field | 150913b xxu||||| |||| 00| 0 eng d |
| 040 ## - CATALOGING SOURCE | |
| Transcribing agency | RUA |
| 082 ## - DEWEY DECIMAL CLASSIFICATION NUMBER | |
| Classification number | AGR HEA 1996 B016 Or.1 |
| 100 ## - MAIN ENTRY--PERSONAL NAME | |
| 9 (RLIN) | 356 |
| Personal name | HEAS. KHEMARA |
| 245 ## - TITLE STATEMENT | |
| Title | Vegertabe farmers' practice in crop protection a case study in kien svay district kandal province របៀបការពារ និងកំចាត់សត្វល្អិតលើដំណាំបន្លែនៅស្រុកកៀនស្វាយ ខេត្តកណ្តាល |
| 260 ## - PUBLICATION, DISTRIBUTION, ETC. (IMPRINT) | |
| Place of publication, distribution, etc. | Phnom Penh |
| Name of publisher, distributor, etc. | RUA |
| Date of publication, distribution, etc. | 1996 |
| 300 ## - PHYSICAL DESCRIPTION | |
| Extent | 40p. |
| Other physical details | ill. |
| Dimensions | 29cm. |
| 942 ## - ADDED ENTRY ELEMENTS (KOHA) | |
| Source of classification or shelving scheme | |
| Koha item type | AGR |
| Price effective from | Date last seen | Permanent Location | Not for loan | Date acquired | Date last checked out | Source of classification or shelving scheme | Total Checkouts | Koha item type | Barcode | Lost status | Damaged status | Withdrawn status | Current Location | Full call number |
|---|---|---|---|---|---|---|---|---|---|---|---|---|---|---|
| 2015-09-13 | 2015-09-13 | Library Block B | 2015-09-13 | AGR | RUA003319 | Library Block B | AGR MEA 1996 B016 Or.1 | |||||||
| 2015-09-13 | 2015-09-13 | Library Block B | 2015-09-13 | AGR | RUA003755 | Library Block B | AGR MEA 1996 B016 Or.2 | |||||||
| 2015-09-13 | 2015-09-13 | Library Block B | 2015-09-13 | AGR | RUA003965 | Library Block B | AGR MEA 1996 B016 Or.3 | |||||||
| 2015-09-13 | 2021-11-29 | Library Block B | 2015-09-13 | 2021-11-26 | 1 | AGR | RUA004454 | Library Block B | AGR MEA 1996 B016 Or.4 | |||||
| 2015-09-13 | 2015-09-13 | Library Block B | 2015-09-13 | AGR | RUA005285 | Library Block B | AGR MEA 1996 B016 Or.5 | |||||||
| 2015-09-13 | 2015-09-13 | Library Block B | 2015-09-13 | AGR | RUA004171 | Library Block B | AGR MEA 1996 B016 Or.6 |